EMOTIONAL INTELLIGENCE WHY IT CAN MATTER (Record no. 7908)

MARC details
000 -LEADER
fixed length control field 00350nam a2200133Ia 4500
008 - FIXED-LENGTH DATA ELEMENTS--GENERAL INFORMATION
fixed length control field 240624s9999 xx 000 0 und d
041 ## - LANGUAGE CODE
Language code of text/sound track or separate title eng
082 ## - DEWEY DECIMAL CLASSIFICATION NUMBER
Classification number 158.7 GOL
100 ## - MAIN ENTRY--PERSONAL NAME
Personal name GOLEMAN DANIEL P
245 ## - TITLE STATEMENT
Title EMOTIONAL INTELLIGENCE WHY IT CAN MATTER
260 ## - PUBLICATION, DISTRIBUTION, ETC.
Date of publication, distribution, etc. 2000
Place of publication, distribution, etc. New York
Name of publisher, distributor, etc. Bantam Books
300 ## - PHYSICAL DESCRIPTION
Extent xv, , 413 , 17 : p. : cm.
365 ## - TRADE PRICE
Currency code
Price amount 28
Holdings
Withdrawn status Lost status Damaged status Not for loan Home library Current library Shelving location Date acquired Source of acquisition Cost, normal purchase price Total Checkouts Full call number Barcode Date last seen Date last checked out Copy number Price effective from Koha item type
        IMTN IMTN Rack 1-B 01/02/2008 RBC 7.99 1 158.7 GOL 7908 01/15/2025 01/05/2025 41.8 06/24/2024 Books
Designed & Maintained by: LRC IMT Nagpur Contact: lrc@imtnag.ac.in© 2024. All Rights Reserved.